01995nam a2200553 i 45000010005000000030009000050050017000140080039000310150017000700350023000870350036001100350014001460350021001600350023001810350044002040400028002480410008002760460009002840800012002931000038003052450086003432500012004292600090004413000040005313360027005713370054005983380028006523800016006803800027006963850039007233880014007623880014007765040014007906500021008046550022008256580028008477000031008757100041009068560097009479420012010449990015010569520049010719520049011209520051011699520051012209520051012719520051013229520068013739329KOSZ 00520200504125222.0060117s1974 pl a f |000 0 pol aPB 1974/6020 a991029335909705066 a(PL-WaBN)b17926324-48omnis_nlop ab17926324 a(OCoLC)836225960 a(PL)b0000001792632 a(EXLNZ-48OMNIS_NETWORK)9910401748405606 aWA NcWA NdKOSZ 005/EC0 apol k1971 a621.3171 aCzajewski, Jacekd(1936- )eAutor10aZbiór zadań z miernictwa elektrycznego /cJacek Czajewski, Maciej Poniński. aWyd. 2. aWarszawa :bPańst. Wydaw. Naukowe,c1974e(Łódź :fZakł. Graf. Wydaw. Nauk.). a189, [2] s. :bil., wykr. ;c25 cm. 2rdacontentaTekstbtxt 2rdamediaaBez urządzenia pośredniczącegobn 2rdacarrieraWoluminbnc aKsiążki aPublikacje dydaktyczne mPoziom nauczaniaaSzkoły wyższe a1901-2000 a1945-1989 aBibliogr. 7aElektronika2DBN 7aPodręcznik2DBN aInżynieria i technika1 aPoniński, Maciej.eAutor2 aPaństwowe Wydawnictwo Naukowe4pbl uhttp://koha.tu.koszalin.pl/cgi-bin/koha/opac-detail.pl?biblionumber=9329yKatalog online BPK 2UKDcKS c9329d9329 00104070aBPKbBPKcwo17638p02072449yKS 00104070aBPKbBPKcwo17639p01534504yKS 00104070aBPKbBPKcwoP 10030p01532098yKS 00104070aBPKbBPKcwoP 10031p01533774yKS 00104070aBPKbBPKcwoP 10032p01845518yKS 00104070aBPKbBPKcwoP 10033p01845501yKS 00104071aELBUDbELBUDcboP 10036p02222141t621.317 TpeyKS